<?xml version="1.0" encoding="UTF-8"?>
<marc:record xmlns:marc="http://www.loc.gov/MARC21/slim">
   <marc:leader>00000nam a2200000 a 4500</marc:leader>
   <marc:datafield ind1="1" ind2=" " tag="100">
      <marc:subfield code="a">Olivieri, Jacopo</marc:subfield>
      <marc:subfield code="4">aut</marc:subfield>
      <marc:subfield code="e">Verfasser/-in</marc:subfield>
   </marc:datafield>
   <marc:datafield ind1="0" ind2="0" tag="245">
      <marc:subfield code="a">Ein Tag bei den Azteken</marc:subfield>
   </marc:datafield>
   <marc:datafield ind1="0" ind2="0" tag="245">
      <marc:subfield code="c">Olivieri, Jacopo</marc:subfield>
   </marc:datafield>
   <marc:datafield ind1=" " ind2="1" tag="264">
      <marc:subfield code="a">Mailand</marc:subfield>
      <marc:subfield code="b">White Star Kids</marc:subfield>
      <marc:subfield code="c">2021</marc:subfield>
   </marc:datafield>
   <marc:datafield ind1="1" ind2=" " tag="490">
      <marc:subfield code="a">Willi Weltenbummler</marc:subfield>
   </marc:datafield>
   <marc:datafield ind1="1" ind2=" " tag="520">
      <marc:subfield code="a">Willi ist total fasziniert von Geschichte. Und das Tollste ist, dass er nur einmal kurz mit seinen Augen blinzeln muss und schon ist er unterwegs zu einem neuen, unglaublichen Abenteuer. Heute geht es durch Zeit und Raum nach Mexiko zu einem sagenumwobenen Volk. Er besucht die berühmten und mächtigen Azteken, die hier im 14. bis 16. Jahrhundert lebten. Er verwandelt sich in einen aztekischen Jungen und erlebt an dort einem Tag im Jahre 1512 Unglaubliches: Er trifft Jaguar-Krieger, spielt rituelle Ballspiele, erlernt die Kalender und die Bilderhandschrift. Dieses Bilderbuch bringt spannende Fiktion und historische Fakten äußerst originell zusammen.</marc:subfield>
   </marc:datafield>
   <marc:datafield ind1=" " ind2=" " tag="020">
      <marc:subfield code="a">9788863124675</marc:subfield>
      <marc:subfield code="9">9788863124675</marc:subfield>
   </marc:datafield>
   <marc:datafield ind1=" " ind2=" " tag="020">
      <marc:subfield code="a">8863124671</marc:subfield>
      <marc:subfield code="9">8863124671</marc:subfield>
   </marc:datafield>
   <marc:datafield ind1=" " ind2=" " tag="041">
      <marc:subfield code="a">ger</marc:subfield>
   </marc:datafield>
   <marc:datafield ind1=" " ind2=" " tag="300">
      <marc:subfield code="a">56 Seiten</marc:subfield>
   </marc:datafield>
</marc:record>
